Một vài nhận xét qua tìm hiểu ăn uống của người Cao Lan ở Thái Nguyên /
Αποθηκεύτηκε σε:
| Κύριος συγγραφέας: | |
|---|---|
| Μορφή: | Άρθρο |
| Γλώσσα: | Vietnamese |
| Θέματα: | |
| Ετικέτες: |
Προσθήκη ετικέτας
Δεν υπάρχουν, Καταχωρήστε ετικέτα πρώτοι!
|
| Thư viện lưu trữ: | Thư viện Trường Đại học Đà Lạt |
|---|
| LEADER | 00848nam a2200289 4500 | ||
|---|---|---|---|
| 001 | DLU090065073 | ||
| 005 | ##20090210 | ||
| 040 | # | # | |a DLU |b vie |
| 041 | # | # | |a vie |
| 044 | # | # | |a vn |
| 100 | # | # | |a Nguyễn Thành Nam. |
| 245 | # | # | |a Một vài nhận xét qua tìm hiểu ăn uống của người Cao Lan ở Thái Nguyên / |c Nguyễn Thành Nam. |
| 653 | # | # | |a Ẩm thực |
| 653 | # | # | |a Dân tộc Cao Lan |
| 653 | # | # | |a Thái Nguyên |
| 653 | # | # | |a Văn hoá cổ truyền |
| 773 | # | # | |t Nghiên cứu Đông Nam Á |g Số 5(98), 2008, tr. 62-67 |
| 920 | # | # | |a Phòng Tạp chí -- Trung tâm Thông tin - Thư viện Trường Đại học Đà Lạt |
| 933 | # | # | |a LS |
| 994 | # | # | |a DLU |
| 900 | # | # | |a True |
| 911 | # | # | |a Hoàng Thị Huyền |
| 925 | # | # | |a G |
| 926 | # | # | |a A |
| 927 | # | # | |a BB |
| 980 | # | # | |a Thư viện Trường Đại học Đà Lạt |